000 01212nam a22002897a 4500
003 dpl
005 20180710131521.0
008 180710b xxu||||| |||| 00| 0 eng d
010 _aB-144365, B-144375
020 _c200.00
_a8190157124
035 _aB-144365
037 _bCen Lib/Ret
040 _aDPL
_bHN
_c0
082 _a
_bस्टेनबे
100 _aस्टेनबेक
_960839
245 _aचार्ली का सफरनामा /
_cस्टेनबेक; अनुवादक संजीव तंवर
246 _aCharli ka safarnama /
_bby Stainback; anuvadak Sanjiva Tanwar
260 _aदिल्ली
_bराष्ट्रभाषा प्रकाशन
_c2004
270 _aई-54, भू-तल, मान सरोवरपार्क, शाहदरा
_bदिल्ली
_e110032
300 _a207पृ.
_c21सेमी(सजिल्द)
650 _aअंग्रेजी साहित्य
_960840
650 _aउपन्यास
_960841
650 _aEnglish literature
_960842
650 _aFiction
_98901
700 _aतंवर, संजीव
_960843
942 _2ddc
_cHN
_h
_mस्टेनबे
999 _c115308
_d115308